Equidad, Derecho y Justicia

Detalles Bibliográficos
Autor principal: Falcn̤ Tella, Mara̕ Još
Formato: Desconocido
Lenguaje:español
Publicado: Madrid : Centro de Estudios Ramn̤ Areces, 2005
Materias:
Acceso en línea:Acceso restringido

MARC

LEADER 00000ny a22000003n 4500
005 2011052303563.0
008 080611s2005 sp s 000 0 spa c
020 |a 8480047097 
035 |a 1586 
040 |a UMA.RE  |d vLex 
080 |a 340.114(0.034) 
090 |c 167  |d 167 
100 1 |a Falcn̤ Tella, Mara̕ Još 
245 1 0 |a Equidad, Derecho y Justicia  |h [Recurso electrn̤ico]  |c Mara̕ Jos ̌Falcn̤ Tella 
256 |a Servicio en ln̕ea 
260 |a Madrid :  |b Centro de Estudios Ramn̤ Areces,  |c 2005 
506 1 |a Contenido solo disponible en los productos indicados  |d vLex Global  |d vLex Global (Academic Edition, excluding Law Schools)  |d vLex Global (U.S. Academic Edition, Law Schools)  |d vLex Global (U.S. Academic Edition, excluding Law Schools)  |d vLex Global (Academic Edition, Law Schools) 
650 0 4 |a Filosofa̕ del derecho  |2 Tesauro vLex 
650 0 4 |a Teora̕ General del Derecho  |2 Tesauro vLex 
740 0 |a vLex Libros (Servicios en ln̕ea) 
856 4 0 |u http://vlex.com/source/1586  |z Acceso restringido 
942 |c BOOK 
999 0 |a Law--Philosophy  |b Spain